Statistics for AQA Politics A-Level: UK Chapter 2 - 'Devolution'

Click here to take the quiz!

General Stats

  • This quiz has been taken 130 times
  • The average score is 10 of 21

Answer Stats

HintAnswer% Correct
Name the First Minister of ScotlandNicola Sturgeon
78%
Who is the current Mayor of London?Sadiq Khan
77%
When did the Acts pass that set up the Scottish and Welsh devolved bodies?1998
76%
What is the name of the 1998 Agreement that brought peace to Northern Ireland?The Good Friday Agreement/The Belfast Agreement
72%
Which devolved body DOESN'T use AMS to elect its members?Northern Irish Assembly (Uses STV)
70%
Which party has never NOT been in power in the Welsh Assembly?Labour
66%
What percentage of the votes in the 2014 Scottish Independence Referendum were cast in favour of STAYING IN THE UNION?55.3%
65%
If Westminster is the UK Parliament, what is the metonymic name for the: Scottish Parliament?Holyrood
58%
How many of the devolved assemblies have primary legislative powers?All Three
57%
What is the name of the movement that seeks to equalise devolution across the nation by only allowing English MPs a vote on English legislation?EVEL (English Votes for English Laws)
52%
And for the Northern Irish Assembly?Stormont
49%
From where do local authorities get most of their funding?Central Government
47%
And for the Welsh Assembly?Senedd
47%
How many members in the Welsh Assembly?60
46%
Name the First Minister of WalesMark Drakeford
38%
Which region of England had a referendum in 2004 on whether to form a regional assembly (and voted 78% for 'no)?North-East
38%
How many members in the Northern Irish Assembly (as of 2017)?90
27%
How many members in the Scottish Parliament?129
24%
Name the First Minister of Northern IrelandArlene Foster
20%
How did Prof. Bogdanor characterise the post-devolution UK?Quasi-federal
13%
Who should win the next London Mayoral election?Rory Stewart
1%

Score Distribution

Percentile by Number Answered

Percent of People with Each Score

Your Score History

You have not taken this quiz